LEADER 01910nas 2200685- 450 001 9910130844903321 005 20241120175124.0 035 $a(DE-599)ZDB2682450-4 035 $a(OCoLC)802977340 035 $a(CKB)3440000000000168 035 $a(CONSER)--2018207159 035 $a(EXLCZ)993440000000000168 100 $a20120801b20122014 --- - 101 0 $aeng 135 $aur||||||||||| 181 $ctxt$2rdacontent 182 $cc$2rdamedia 183 $acr$2rdacarrier 200 00$aOptical nanoscopy 210 3$aBerlin, Germany :$cSpringer 215 $a1 online resource 300 $aRefereed/Peer-reviewed 311 08$a2192-2853 531 $aOPT NANOSCOPY 531 0 $aOpt. nanoscopy 606 $aMicroscopy$vPeriodicals 606 $aNanotechnology$vPeriodicals 606 $aOptical images$vPeriodicals 606 $aNanotechnology 606 $aNanotechnology 606 $aMicroscopy 606 $aOptical Imaging 606 $aMicroscopie$vPériodiques 606 $aImages optiques$vPériodiques 606 $aNanotechnologie 606 $aOptical images$2fast$3(OCoLC)fst01046723 606 $aMicroscopy$2fast$3(OCoLC)fst01020062 606 $aNanotechnology$2fast$3(OCoLC)fst01032639 608 $aPeriodical. 608 $aFulltext. 608 $aInternet Resources. 608 $aPeriodicals. 608 $aPeriodicals.$2fast 615 0$aMicroscopy 615 0$aNanotechnology 615 0$aOptical images 615 0$aNanotechnology. 615 2$aNanotechnology 615 2$aMicroscopy. 615 2$aOptical Imaging. 615 6$aMicroscopie 615 6$aImages optiques 615 6$aNanotechnologie. 615 7$aOptical images. 615 7$aMicroscopy. 615 7$aNanotechnology. 906 $aJOURNAL 912 $a9910130844903321 996 $aOptical nanoscopy$92066438 997 $aUNINA LEADER 01586nas 2200421 c 450 001 9910893894803321 005 20260218111119.0 035 $a(CKB)5280000000202052 035 $a(DE-599)ZDB2855339-1 035 $a(DE-101)1100089012 035 $a(DE-599)2855339-1 035 $a(EXLCZ)995280000000202052 100 $a20160511b19852014 |y | 101 0 $ager 135 $aur||||||||||| 181 $ctxt$2rdacontent 182 $cc$2rdamedia 183 $acr$2rdacarrier 200 00$a˜Derœ Uckermärker$eein Heimatblatt des uckermärkischen Geschichtsvereins in Prenzlau e.V 210 31$aPrenzlau$cUckerma?rkischer Geschichtsverein$aBuchholz$cArbeitsgemeinschaft fu?r uckerma?rkische Geschichte$d1985-2014 215 $aOnline-Ressource 300 $aGesehen am 12.05.2016 517 1 $aein Heimatsblatt der Arbeitsgemeinschaft fu?r uckerma?rkische Geschichte 517 1 $aein Heimatblatt der Arbeitsgemeinschaft fu?r uckerma?rkische Geschichte und des uckerma?rkischen Geschichtsvereins in Prenzlau e.V. 517 1 $aein Heimatblatt des uckerma?rkischen Geschichtsvereins in Prenzlau e.V. und der Arbeitsgemeinschaft fu?r uckerma?rkische Geschichte 608 $aZeitschrift$2gnd-content 676 $a914.3 676 $a943 676 $a360 712 02$aArbeitsgemeinschaft fu?r Uckerma?rkische Geschichte$4isb 712 02$aUckerma?rkischer Geschichtsverein$4isb 801 0$b0473 801 1$bDE-101 801 2$b9999 906 $aJOURNAL 912 $a9910893894803321 996 $aUckerma?rker$94252627 997 $aUNINA